Sonic Frontiers Guardians - Statistics

General Stats
  • This quiz has been taken 58 times
  • The average score is 15 of 23
Answer Stats
Island Guardian % Correct
Kronos Squid
86%
Kronos Giganto
84%
Kronos Ninja
81%
Final Boss The End
79%
Chaos Knight
77%
Ouranos Supreme
77%
Kronos Tower
77%
Kronos Asura
74%
Ares Shark
74%
Ares Wyvern
74%
Ares Sumo
65%
Ares Strider
63%
Ares Tank
63%
Chaos Spider
60%
Ouranos Caterpillar
58%
Chaos Fortress
56%
Chaos Shinobi
56%
Ouranos Master Ninja
51%
Ouranos Ghost
49%
Ouranos Silver Hammer
49%
Ouranos Kunoichi
44%
Chaos Excavator
40%
Ouranos Red Pillar
40%
No matching quizzes found
Score Distribution
Percent of People with Each Score
Percentile by Number Answered
Your Score History
You have not taken this quiz